O významu Hegela, Engelse a Lenina pro přírodní vědy : pro potřebu škol Jihočeského kraje

Hlavní autor: Procházková, Eva
Jazyk: Čeština
Vydáno: České Budějovice : Krajský pedagogický ústav, 1983
Edice: Kabinet fyziky
Studijní materiály
Fyzický popis: 23 s.
Knihy
Uloženo v:
LEADER 00838nam a22002412a 4500
001 000424173
003 CZ BrMZK
005 20011219135258.0
008 010825s1983 xr f cze d
040 |a BOA001  |b cze  |c BOA002 
100 1 |a Procházková, Eva  |7 jx20040617017  |4 aut 
245 1 0 |a O významu Hegela, Engelse a Lenina pro přírodní vědy :  |b pro potřebu škol Jihočeského kraje 
260 |a České Budějovice :  |b Krajský pedagogický ústav,  |c 1983 
300 |a 23 s. 
490 1 |a Kabinet fyziky 
490 1 |a Studijní materiály : řada B 
500 |a Rozmnoženo 
504 |a Bibliografie na s. 22-23 
830 0 |a Kabinet fyziky 
830 0 |a Studijní materiály 
910 |a BOA001  |b PK-N-0022.741 
990 |a BK 
996 7 |b 3119827489  |c PK-N-0022.741  |l MZK  |r Sklad / do 1 hodiny  |n 0  |w 000424173  |u 000010  |a 1  |e BOA001  |j MZK50  |s A